Normal view
MARC view
Entry Personal Name
001 - CONTROL NUMBER
- control field: 7240
003 - CONTROL NUMBER IDENTIFIER
- control field: OSt
005 - DATE AND TIME OF LATEST TRANSACTION
- control field: 20160310125349.0
008 - FIXED-LENGTH DATA ELEMENTS
- fixed length control field: 160310|| aca||aabn | a|a d
040 ## - CATALOGING SOURCE
- Original cataloging agency: OSt
- Transcribing agency: OSt
100 ## - HEADING--PERSONAL NAME
- Personal name: George,M.Jennifer;Jones,R.Gareth;
670 ## - SOURCE DATA FOUND
- Source citation: Work cat.: (OSt): George,M.Jennifer;Jones,R.Gareth;, Contemporary Management., 2006.
